| 000 | 00896nam a2200217Ia 4500 | ||
|---|---|---|---|
| 999 |
_c41526 _d41526 |
||
| 001 | 8193 | ||
| 003 | GE_BSU | ||
| 005 | 20221005124152.0 | ||
| 008 | 181216s1934ge xx |||||||||||||| ||geo|| | ||
| 040 | _cGE_BSU | ||
| 041 | _ageo | ||
| 080 | _a821.353.1-32 ე-77 | ||
| 100 |
_aერთაწმინდელი, სეზმან. _915057 |
||
| 245 |
_aგველების ქარავნები : _bმოთხრობები / _cსეზმან ერთაწმინდელი, რედ. ი.მჭედლიშვილი |
||
| 264 |
_aტბილისი : _bფედერაცია, _c1934. |
||
| 300 |
_a213 გვ; _c19 სმ. |
||
| 653 | _aგველების ქარავნები | ||
| 653 | _aმოთხრობები | ||
| 700 |
_aმჭედლიშვილი, ი _eრედაქტორი _94853 |
||
| 942 |
_cBK _2udc |
||